Textbook of Pharmacology for Nurses/ (Record no. 1840)

MARC details
000 -LEADER
Fixed length control field 00535nam a2200205Ia 4500
003 - CONTROL NUMBER IDENTIFIER
Control field IIN
005 - DATE AND TIME OF LATEST TRANSACTION
Control field 20250526121936.0
008 - FIXED-LENGTH DATA ELEMENTS--GENERAL INFORMATION
Fixed length control field 250526s2023 xx ad 001 0 eng d
020 ## - INTERNATIONAL STANDARD BOOK NUMBER / ISBN
Price Rs.650.00
International Standard Book Number 9789386006561
040 ## - CATALOGING SOURCE
Original cataloging agency IIN
Language of cataloging English
082 ## - DEWEY DECIMAL CLASSIFICATION NUMBER
Classification number 615.1
Book Number KRI
100 1# - MAIN ENTRY--PERSONAL NAME
Personal name Krishnaraj, P.
245 1# - TITLE STATEMENT
Title Textbook of Pharmacology for Nurses/
Statement of responsibility P. Krishnaraj
250 ## - EDITION STATEMENT
Edition statement 2nd ed.
260 ## - IMPRINT
Place of publication Bangalore
Name of publisher EMMESS
Date of publication 2023
300 ## - PHYSICAL DESCRIPTION
Page / Vol. No x, 438 p.
Other physical details ill.
500 ## - GENERAL NOTE
General note Includes Index
650 1# - SUBJECT ADDED ENTRY--TOPICAL TERM
Topical term Pharmacology
942 ## - ADDED ENTRY ELEMENTS (KOHA)
Koha item type Books
Holdings
Withdrawn status Lost status Source of classification Damaged status Not for loan Collection code Home library Current library Shelving location Date acquired Price Total Checkouts Call number Accession number Date last seen Price effective from Koha item type
    Dewey Decimal Classification     Purches Book IDEAL INSTITUTE OF NURSING IDEAL INSTITUTE OF NURSING General Stacks 11/03/2025 650.00   615.1 KRI 2069 26/05/2025 26/05/2025 Books
© Ideal Institute Of Nursing, All rights reserved.         Powered by Koha